000 00790nam a2200229 4500
001 126143
003 ES-MaACL
005 20240607062957.0
007 t|
008 070214s1977 sp r ||||1| spa d
100 1 _aRejano, Juan,
_d1903-1976
_996098
245 1 0 _aAntología de urgencia
_b: edición-homenaje /
_cJuan Rejano ; [al cuidado de Mariano Roldán y Manuel Mantero].
260 _aMadrid :
_b[s. n.],
_c1977 (
_fGráf. Uguina)
300 _a47 p., 1 lám. = retr. aut. ;
_c22 cm.
490 1 _aColección Dulcinea ;
_v6
700 0 _aRoldán, Mariano,
_d1932-2019
_999139
700 0 _aMantero, Manuel,
_d1930-
_976156
830 0 _aColección Dulcinea ;
_v6
_9187471
852 _aES-MaACL
_j2093-F-21
_bR.96353
942 _2udc
999 _c126143
_d126143